| 000 | nam a22 7a 4500 | ||
|---|---|---|---|
| 999 |
_c328817 _d328817 |
||
| 003 | Nust | ||
| 005 | 20170417141334.0 | ||
| 008 | 170417b xxu||||| |||| 00| 0 eng d | ||
| 040 | _c0 | ||
| 082 | _a363.7284 EPM | ||
| 245 |
_aPreparation of Master plan For Urban Wastewater Treatment Facilities In Pakistan _bStage-V Feasibility Report |
||
| 260 |
_aLahore _bEPMC _c2001 |
||
| 300 | _a250p. | ||
| 500 | _aP.B | ||
| 942 |
_2ddc _cBK _k363.7284 EPM |
||